Gesamtausgabe
Sparad:
| Huvudupphovsman: | |
|---|---|
| Materialtyp: | Bok |
| Språk: | tyska |
| Publicerad: |
Stuttgart
Friedrich Frommann
1964
|
| Ämnen: | |
| Taggar: |
Lägg till en tagg
Inga taggar, Lägg till första taggen!
|
MARC
| LEADER | 00000nam a2200000 a 4500 | ||
|---|---|---|---|
| 001 | UCX1376 | ||
| 003 | CL-VaPUC | ||
| 008 | 900816e19640000GW |||||||||||||||||ger|d | ||
| 082 | 0 | 4 | |a 141.13 |b FIC |2 21 |
| 100 | 0 | |a Fichte, Johann Gottlieb |e author |9 316863 | |
| 245 | 1 | 0 | |a Gesamtausgabe |
| 300 | |a v | ||
| 942 | |c BK | ||
| 945 | |d 19900816 00:00:00 |a nfarias | ||
| 260 | |a Stuttgart |b Friedrich Frommann |c 1964 | ||
| 600 | 0 | |a Fichte, Johann Gottlieb |e autore |9 316864 | |
| 650 | 0 | |a Idealismo |9 265685 | |
| 650 | 0 | |a Teoría del conocimiento |9 255038 | |
| 583 | |a last modification |c 19900816 00:00:00 |k Rodrigo Vera | ||
| 999 | |c 222628 |d 222626 | ||
| 952 | |0 0 |1 0 |4 0 |6 141_130000000000000_FIC_1964 |7 0 |8 P |9 217631 |a BIBEDU |b BIBEDU |d 2019-11-15 |h v.1 p.1 |i 1561472 |o 141.13 FIC 1964 |p 1561472 |r 2025-01-22 |w 2019-11-15 |y BK |k FIL | ||
| 952 | |0 0 |1 0 |4 0 |6 141_130000000000000_FIC_1964 |7 0 |8 P |9 217632 |a BIBEDU |b BIBEDU |c BIBEDU_PB |d 2019-11-15 |h v.1 p.2 |i 1561480 |l 3 |o 141.13 FIC 1964 |p 1561480 |r 2024-01-25 |s 2023-08-29 |w 2019-11-15 |y BK |k FIL | ||
| 952 | |0 0 |1 0 |4 0 |6 141_130000000000000_FIC_1964 |7 0 |8 P |9 217633 |a BIBEDU |b BIBEDU |d 2019-11-15 |h v.1 p.3 |i 1561499 |o 141.13 FIC 1964 |p 1561499 |r 2025-01-22 |w 2019-11-15 |y BK |k FIL | ||
| 952 | |0 0 |1 0 |4 0 |6 141_130000000000000_FIC_1964 |7 0 |8 P |9 217634 |a BIBEDU |b BIBEDU |d 2019-11-15 |h v.1 p.4 |i 1561502 |o 141.13 FIC 1964 |p 1561502 |r 2025-01-22 |w 2019-11-15 |y BK |k FIL | ||
| 952 | |0 0 |1 0 |4 0 |6 141_130000000000000_FIC_1964 |7 0 |8 P |9 217635 |a BIBEDU |b BIBEDU |d 2019-11-15 |h v.1 p.5 |i 1561510 |o 141.13 FIC 1964 |p 1561510 |r 2025-01-22 |w 2019-11-15 |y BK |k FIL | ||
| 952 | |0 0 |1 0 |4 0 |6 141_130000000000000_FIC_1964 |7 0 |8 P |9 217636 |a BIBEDU |b BIBEDU |d 2019-11-15 |h v.1 p.6 |i 1561529 |o 141.13 FIC 1964 |p 1561529 |r 2025-01-22 |w 2019-11-15 |y BK |k FIL | ||
| 952 | |0 0 |1 0 |4 0 |6 141_130000000000000_FIC_1964 |7 0 |8 P |9 217637 |a BIBEDU |b BIBEDU |d 2019-11-15 |h v.1 p.7 |i 2865416 |o 141.13 FIC 1964 |p 2865416 |r 2025-01-22 |w 2019-11-15 |y BK |k FIL | ||
| 952 | |0 0 |1 0 |4 0 |6 141_130000000000000_FIC_1964 |7 0 |8 P |9 217638 |a BIBEDU |b BIBEDU |d 2019-11-15 |h v.1 p.8 |i 1561537 |o 141.13 FIC 1964 |p 1561537 |r 2025-01-22 |w 2019-11-15 |y BK |k FIL | ||
| 952 | |0 0 |1 0 |4 0 |6 141_130000000000000_FIC_1964 |7 0 |8 P |9 217639 |a BIBEDU |b BIBEDU |d 2019-11-15 |h v.2 p.1 |i 1561545 |o 141.13 FIC 1964 |p 1561545 |r 2025-01-22 |w 2019-11-15 |y BK |k FIL | ||
| 952 | |0 0 |1 0 |4 0 |6 141_130000000000000_FIC_1964 |7 0 |8 P |9 217640 |a BIBEDU |b BIBEDU |d 2019-11-15 |h v.2 p.2 |i 1561553 |o 141.13 FIC 1964 |p 1561553 |r 2025-01-22 |w 2019-11-15 |y BK |k FIL | ||
| 952 | |0 0 |1 0 |4 0 |6 141_130000000000000_FIC_1964 |7 0 |8 P |9 217641 |a BIBEDU |b BIBEDU |d 2019-11-15 |h v.2 p.4 |i 1561561 |o 141.13 FIC 1964 |p 1561561 |r 2025-01-22 |w 2019-11-15 |y BK |k FIL | ||
| 952 | |0 0 |1 0 |4 0 |6 141_130000000000000_FIC_1964 |7 0 |8 P |9 217642 |a BIBEDU |b BIBEDU |d 2019-11-15 |h v.2 s.1 |i 156157K |o 141.13 FIC 1964 |p 156157K |r 2025-01-22 |w 2019-11-15 |y BK |k FIL | ||
| 952 | |0 0 |1 0 |4 0 |6 141_130000000000000_FIC_1964 |7 0 |8 P |9 217643 |a BIBEDU |b BIBEDU |d 2019-11-15 |h v.2 p.5 |i 1561588 |o 141.13 FIC 1964 |p 1561588 |r 2025-01-22 |w 2019-11-15 |y BK |k FIL | ||
| 952 | |0 0 |1 0 |4 0 |6 141_130000000000000_FIC_1964 |7 0 |8 P |9 217644 |a BIBEDU |b BIBEDU |d 2019-11-15 |h v.2 p.6 |i 1561596 |o 141.13 FIC 1964 |p 1561596 |r 2025-01-22 |w 2019-11-15 |y BK |k FIL | ||
| 952 | |0 0 |1 0 |4 0 |6 141_130000000000000_FIC_1964 |7 0 |8 P |9 217645 |a BIBEDU |b BIBEDU |d 2019-11-15 |h v.2 p.7 |i 2865408 |o 141.13 FIC 1964 |p 2865408 |r 2025-01-22 |w 2019-11-15 |y BK |k FIL | ||
| 952 | |0 0 |1 0 |4 0 |6 141_130000000000000_FIC_1964 |7 0 |8 P |9 217646 |a BIBEDU |b BIBEDU |d 2019-11-15 |h v.2 p.8 |i 156160K |o 141.13 FIC 1964 |p 156160K |r 2025-01-22 |w 2019-11-15 |y BK |k FIL | ||
| 952 | |0 0 |1 0 |4 0 |6 141_130000000000000_FIC_1964 |7 0 |8 P |9 217647 |a BIBEDU |b BIBEDU |d 2019-11-15 |h v.2 p.9 |i 3000621 |o 141.13 FIC 1964 |p 3000621 |r 2025-01-22 |w 2019-11-15 |y BK |k FIL | ||
| 952 | |0 0 |1 0 |4 0 |6 141_130000000000000_FIC_1964 |7 0 |8 P |9 217648 |a BIBEDU |b BIBEDU |d 2019-11-15 |h v.3 p.1 |i 1561618 |o 141.13 FIC 1964 |p 1561618 |r 2025-01-22 |w 2019-11-15 |y BK |k FIL | ||
| 952 | |0 0 |1 0 |4 0 |6 141_130000000000000_FIC_1964 |7 0 |8 P |9 217649 |a BIBEDU |b BIBEDU |d 2019-11-15 |h v.3 p.2 |i 1561626 |o 141.13 FIC 1964 |p 1561626 |r 2025-01-22 |w 2019-11-15 |y BK |k FIL | ||
| 952 | |0 0 |1 0 |4 0 |6 141_130000000000000_FIC_1964 |7 0 |8 P |9 217650 |a BIBEDU |b BIBEDU |d 2019-11-15 |h v.3 p.3 |i 1550306 |o 141.13 FIC 1964 |p 1550306 |r 2025-01-22 |w 2019-11-15 |y BK |k FIL | ||
| 952 | |0 0 |1 0 |4 0 |6 141_130000000000000_FIC_1964 |7 0 |8 P |9 217651 |a BIBEDU |b BIBEDU |d 2019-11-15 |h v.3 p.5 |i 1561634 |o 141.13 FIC 1964 |p 1561634 |r 2025-01-22 |w 2019-11-15 |y BK |k FIL | ||
| 952 | |0 0 |1 0 |4 0 |6 141_130000000000000_FIC_1964 |7 0 |8 P |9 217652 |a BIBEDU |b BIBEDU |d 2019-11-15 |h v.4 p.1 |i 1561642 |o 141.13 FIC 1964 |p 1561642 |r 2025-01-22 |w 2019-11-15 |y BK |k FIL | ||
| 952 | |0 0 |1 0 |4 0 |6 141_130000000000000_FIC_1964 |7 0 |8 P |9 217653 |a BIBEDU |b BIBEDU |d 2019-11-15 |h v.4 p.2 |i 1561650 |o 141.13 FIC 1964 |p 1561650 |r 2025-01-22 |w 2019-11-15 |y BK |k FIL | ||
| 952 | |0 0 |1 0 |4 0 |6 141_130000000000000_FIC_1964 |7 0 |8 P |9 217654 |a BIBEDU |b BIBEDU |d 2019-11-15 |h v.2 p.10 |i 1570234 |o 141.13 FIC 1964 |p 1570234 |r 2025-01-22 |w 2019-11-15 |y BK |k FIL | ||
| 952 | |0 0 |1 0 |4 0 |6 141_130000000000000_FIC_1964 |7 0 |8 P |9 217655 |a BIBEDU |b BIBEDU |d 2019-11-15 |h v.3 p.6 |i 3347702 |o 141.13 FIC 1964 |p 3347702 |r 2025-01-22 |w 2019-11-15 |y BK |k FIL | ||
| 952 | |0 0 |1 0 |4 0 |6 141_130000000000000_FIC_1964 |7 0 |8 P |9 217656 |a BIBEDU |b BIBEDU |d 2019-11-15 |h v.2 p.11 |i 3447111 |o 141.13 FIC 1964 |p 3447111 |r 2025-01-22 |w 2019-11-15 |y BK |k BME | ||
| 952 | |0 0 |1 0 |4 0 |6 141_130000000000000_FIC_1964 |7 0 |8 P |9 217657 |a BIBEDU |b BIBEDU |d 2019-11-15 |h v.3 p.4 |i 336240K |o 141.13 FIC 1964 |p 336240K |r 2025-01-22 |w 2019-11-15 |y BK |k FIL | ||
| 952 | |0 0 |1 0 |4 0 |6 141_130000000000000_FIC_1964 |7 0 |8 P |9 217658 |a BIBEDU |b BIBEDU |d 2019-11-15 |h v.1 p.9 |i 3205096 |o 141.13 FIC 1964 |p 3205096 |r 2025-01-22 |w 2019-11-15 |y BK |k FIL | ||